000 00492nam a2200193Ia 4500
003 GCL
008 140319s9999 xx 000 0 eng d
040 _aGCL /
_cGCL
082 0 4 _a863
_bM N
100 1 _aMOLINA, ANTONIO MUNOZ
245 1 0 _aNADA DEL OTRO MUNDO /
_cMOLINA, ANTONIO MUNOZ
260 _a[S.N] :
_bESPASA - CALPE ،
_c1994
300 _a225 P
650 0 4 _aLITERATURE
650 0 4 _aFICTION
650 0 4 _aSPANISH LITERATURE
650 0 4 _aSPANISH FICTION
942 _2ddc
_cBK
999 _c12978
_d12978